000 01315nam a22002535i 4500
001 161480
003 ES-MaACL
005 20250803063059.0
008 960320s1749 sp |||| | spa d
040 _aCAV
_bspa
_cCCPB | SIC
100 1 _aPascual, Antonio Raimundo,
_d1708-1791
_eaut
_9130875
245 1 0 _aExamen de la crisis de el Rmo. Padre Maestro Don Benito Geronimo Feijoo, monge benedictino sobre el Arte Luliana :
_ben el cual se manifiesta la santidad y culto del iluminado doctor... B. Raymundo Lulio, la pureza de su doctrina, y la utilidad de su arte y ciencia general.
_nTomo primero /
_cescrito por el R.P.M.D. Antonio Raymundo Pasqual Monge Cisterciense...
260 _aEn Madrid :
_bEn la Imprenta de Lorenzo Francisco Mojados,
_c1749
300 _a[40], 214, XXXIX, [11] páginas ;
_c
530 _aDisponible en formato digital
597 _aSign.: ¶-5¶4, A-Z4, Aa-Dd4, a-f4, g².
650 7 _aTeología
_917457
700 1 _aMojados, Lorenzo Francisco
_eprm
_9130016
852 _aES-MaACL
_cSPP3
_dOlim: G-12063
_jR-1396
_xPasta
856 4 _uhttps://bdh-rd.bne.es/viewer.vm?id=0000022908&page=1
_yVersión en línea: Obra completa (2 v.)
_z(Biblioteca Digital Hispánica)
942 _cMONANT
_n0
999 _c161480
_d161480